000 00751nmc a2200277 a 4500
003 AR-BaBNM
005 20251128203704.0
008 027019s1980 ||||||||||||||000 | spa||
040 _cAR-BaBNM
100 1 _aLevene, Gustavo Gabriel
245 1 0 _aNiñez en Catamarca
250 _a43ª ed.
260 _aBuenos Aires
_bCompañia General Fabril Editora
_c1980
300 _a125 p.
_bil.
490 0 _aLos libros del mirasol
650 4 _aLITERATURA ARGENTINA
650 4 _aLIBROS PARA NIÑOS
650 4 _aLITERATURA INFANTIL
650 4 _aLITERATURA FOLKLORICA
650 4 _aESCRITORES
655 _aLITERATURA
700 1 _aGiusti, Roberto F.
_eprologuista
700 1 _aVitacca, Roque
_eilustrador
942 _cBK
998 _cMARTIN
999 _c4497
_d4497